Argi and the "Tokharians"

Elmentve itt :
Bibliográfiai részletek
Szerző: Henning Walter Bruno
Dokumentumtípus: Cikk
Megjelent: 1938
Sorozat:Bulletin of the School of Oriental Studies
Kulcsszavak:Keletkutatás
Tárgyszavak:
Online Access:http://misc.bibl.u-szeged.hu/68169
LEADER 00746nab a2200241 i 4500
001 misc68169
005 20221014084358.0
008 220414s1938 hu o 0|| eng d
040 |a SZTE Miscellanea Repozitórium  |b hun 
041 |a eng 
041 |a grc 
041 |a chi 
100 1 |a Henning Walter Bruno 
245 1 0 |a Argi and the "Tokharians"  |h [elektronikus dokumentum] /  |c  Henning Walter Bruno 
260 |c 1938 
300 |a 573-599  |c 30 cm 
490 0 |a Bulletin of the School of Oriental Studies 
561 |a Németh Gyula hagyaték 
591 |a OA 2295 
650 4 |a Bölcsészettudományok 
650 4 |a Nyelvek és irodalom 
695 |a Keletkutatás 
856 4 0 |u http://misc.bibl.u-szeged.hu/68169/1/2295_oa_h60.pdf  |z Dokumentum-elérés